| 000 | 00947nam a2200229Ia 4500 | ||
|---|---|---|---|
| 001 | 364999 | ||
| 003 | EcQuBN | ||
| 007 | ta | ||
| 008 | 130917s1985 ec gr 001 0 spa d | ||
| 040 | _aEcQuBN | ||
| 084 | _aFER2Lb001026 | ||
| 100 | 1 | _aArgones, Nelson | |
| 245 | 1 | 0 |
_aEl juego del poder : _bde Rodríguez Lara a Febres Cordero _cNelson Argones |
| 260 |
_aQuito, Ecuador : _bCorporación Editora Nacional, _c1985 |
||
| 300 |
_a183 p. ; _c21 cm. |
||
| 490 | 1 |
_aBiblioteca de ciencias sociales _vn. 5 |
|
| 504 | _aIncluye anexos | ||
| 505 | _aI: Sociedad y sistema oligárquico -- II: El régimen de Rodríguez Lara: un intento de trasformación antioligárquica desde el estado -- III: Partidos y tendencias del escenario político -- IV: El retorno democrático -- V: Las elecciones Nacionales 1984 -- VI: Ecuador: una sociedad capitalista tardía. | ||
| 650 |
_912383 _aElecciones |
||
| 942 |
_2loc _cBK |
||
| 999 |
_c2820 _d2820 |
||